Giã biệt bóng tối Tác phẩm và bình phẩm

Shranjeno v:
Bibliografske podrobnosti
Glavni avtor: Tạ, Duy Anh
Format: Knjiga
Izdano: Hà Nội Hội nhà văn; Công ty sách Bách Việt 2010
Izdaja:Tái bản
Teme:
Oznake: Označite
Brez oznak, prvi označite!
Thư viện lưu trữ: Trung tâm Học liệu Lê Vũ Hùng, Trường Đại học Đồng Tháp
LEADER 00909pam a22003018a 4500
001 00034767
005 20171026081025.0
008 161021s2010 ||||||Viesd
020 |c 49000 
041 0 # |a Vie 
082 1 4 |a 895.922 34  |b GI100B 
100 1 # |a Tạ, Duy Anh 
245 1 0 |a Giã biệt bóng tối  |c Tạ Duy Anh  |b Tác phẩm và bình phẩm 
250 # # |a Tái bản 
260 # # |a Hà Nội  |b Hội nhà văn; Công ty sách Bách Việt  |c 2010 
300 # # |a 313 tr.  |c 21 cm. 
653 # # |a Bình phẩm 
653 # # |a Tiểu thuyết 
653 # # |a Văn học hiện đại 
653 # # |a Văn học Việt Nam 
653 # # |a Tác Phẩm 
852 # # |j KD.0017361 
852 # # |b Kho đọc  |j KD.0017361 
910 |d 21/10/2016 
980 # # |a Trung tâm Học liệu Lê Vũ Hùng, Trường Đại học Đồng Tháp